| 000 | 00957cam a22002411i 4500 | ||
|---|---|---|---|
| 003 | SA-RiAUC | ||
| 005 | 20260217142546.0 | ||
| 008 | 260204s1983 sy g 00000 ara c | ||
| 040 |
_aSA-JeALM _bara _cSA-RiAUC _erda |
||
| 082 | 0 | 4 |
_a232 _qSA-RiAUC |
| 090 |
_aم ن 232 _bف ا د |
||
| 100 | 1 |
_aالفاداني، محمد ياسين بن محمد عيسى، _d1335-1411 هجري _eمؤلف. |
|
| 245 | 1 | 0 |
_aتنوير البصيرة بطرق الإسناد الشهيرة / _cتأليف محمد ياسين بن محمد الفاداني. |
| 264 | 1 |
_aدمشق : _bدار البصائر، _c1950 |
|
| 300 |
_a16 صفحة ؛ _c24 سم. |
||
| 336 |
_aنص _btxt _2rdacontent _3كتاب |
||
| 337 |
_aبدون وسيط _bn _2rdamedia |
||
| 338 |
_aمجلد _bnc _2rdacarrier |
||
| 490 | 0 |
_aأسانيد ومسلسلات ؛ _v3 |
|
| 650 | 7 |
_aالحديث _xالمسانيد _2aucsh |
|
| 942 |
_2ddc _cRBOOK COPY _n0 |
||
| 949 |
_aSA-JeALM _d260204 _umohamedma123 _n1 |
||
| 999 |
_c14377 _d14377 |
||